| 000 | 02960nam0a2200409 4500 | ||
|---|---|---|---|
| 001 | RU\NLR\bibl\987404 | ||
| 005 | 20260405072502.0 | ||
| 010 |
_a5-94665-206-0 _910000 |
||
| 021 |
_aRU _b2006-38812 _91948 |
||
| 035 | _a(NLR Aleph) 000975255 | ||
| 090 |
_a424637 _c424637 |
||
| 100 | _a20060925d2006 |||y0rusy50 ca | ||
| 101 | 0 | _arus | |
| 102 | _aRU | ||
| 105 | _aa ||||||||| | ||
| 200 | 1 |
_aПодробный разбор заданий из учебника по алгебре и началам анализа, 10-11 класс авторов: Колмогоров А.Н., Абрамов А.М., Дудницын Ю.П. - М.: Просвещение, 2001-2006 _fА.Н. Рурукин |
|
| 210 |
_aМосква _cВАКО _d2006 |
||
| 215 |
_a288 с. _cил. _d17 |
||
| 225 | 1 | _aСам себе репетитор | |
| 300 | _aНа обл.: Ответы и решения : к заданиям учебника А.Н. Колмогорова, А.М. Абрамова и др. Алгебра и начала анализа : 10-11 | ||
| 300 | _aЗагл. корешка: Выполненные задания по алгебре : 10-11 кл. | ||
| 300 | _aНа обороте тит. л. авт.: к.ф.-м.н., преп. Рурукин А.Н. | ||
| 300 | _aНа обл. авт. не указан | ||
| 422 | 0 |
_1001RU\NLR\BIBL_A\010807511 _1005##20150722150421.0 _12001#$aАлгебра и начала анализа$eучебник для 10-11-х классов общеобразовательных учреждений$fКолмогоров А.Н., Абрамов А.М., Дудницин Ю.П. [и др.] _1210##$aМосква$cПросвещение$d2001-2006 _1701#1$3RU\NLR\auth\77455$aКолмогоров$bА. Н.$f1903-1987$gАндрей Николаевич$4070 _1701#1$3RU\NLR\AUTH\7726338$aАбрамов$bА. М.$cканд. пед. наук, математик$f1946-2015$gАлександр Михайлович$4070 _1701#1$3RU\NLR\auth\773614$aДудницын$bЮ. П.$gЮрий Павлович$4070 |
|
| 512 | 1 |
_aОтветы и решения _eк заданиям учебника А.Н. Колмогорова, А.М. Абрамова и др. Алгебра и начала анализа : 10-11 |
|
| 517 | 0 |
_aВыполненные задания по алгебре _e10-11 кл. |
|
| 606 | 1 |
_aАлгебра _jУчебники для средней школы _xЗадачи _xРешение _92074914 _3RU\NLR\auth\661249941 |
|
| 606 | 1 |
_aМатематический анализ _jУчебники для средней школы _xЗадачи _xРешение _91535963 _3RU\NLR\auth\66669339 |
|
| 686 | _aВ151я721-41 | ||
| 686 | _aВ161.1я721-41 | ||
| 700 | 1 |
_4070 _8rus _7ca _aРурукин _bА.Н. _gАлександр Николаевич _3RU\NLR\auth\7719218 _92291 |
|
| 801 | 0 |
_aRU _bNLR _c20060925 _grcr |
|
| 801 | 1 |
_aRU _bNLR _c20060925 |
|
| 942 | _cBOOK | ||
| 980 | _aNB | ||